000
00285nam a2200121Ia 4500
005
20251222144800.0
008
251222s9999||||xx |||||||||||||| ||spa||
020
_a
84-96118-21-5
082
_a
828.94/S47/2003
100
_a
"Shaw, George Bernard"
245
0
_a
Pigmalión
942
_c
LIB
999
_c
19681
_d
19681